Biblioteka Instytutu Północnego w Olsztynie

Widok standardowy Widok MARC

Pozycja Personal Name

Liczba rekordów, w których użyto hasła: 2

001 - Numer kontrolny

  • control field: 40675

003 - Identyfikator numeru kontrolnego

  • control field: NUKAT

005 - Data i czas ostatniej modyfikacji

  • control field: 20260427140448.0

008 - Dane kontrolne kodowane (40 znaków)

  • fixed length control field: 011008n||a|znnaabn |a aaa |c

010 ## - Numer kontrolny Biblioteki Kongresu

  • numer kontrolny LC: n 01195526

040 ## - Instytucja sporządzająca rekord

  • inst. przygot. dane do rek. khw: KR U/HW
  • język haseł przedmiotowych/tezaurus: kaba
  • inst. wprow. rek. khw: KR U/HW
  • inst. modyf. rek. khw: WR U/al

100 1# - Hasło - nazwa osobowa

  • nazwa osobowa w formie ujednoliconej: Jaskułowski, Tytus
  • daty biograficzne: (1976- ).

670 ## - Źródło informacji

  • źródło informacji: Kp. Imlikacje zjednoczenia Niemiec dla polityki zagranicznej RFN w latach 1989-1990 / Tytus Jaskułowski. - Warszawa, 2001.

670 ## - Źródło informacji

  • źródło informacji: Kp. Ostatnie miesiące NRD / Tytus Jaskułowski. - Wrocław, 2010.
  • gdzie znaleziono informację: (Pracownik naukowy Instytutu Badań nad Totalitaryzmem im. H. Arendt na Uniwersytecie Technicznym w Dreźnie)

675 ## - Źródło nie podające informacji

  • wskazanie źródła: INP'2000
Biblioteka Instytutu Północnego, ul. Partyzantów 87, 10-402 Olsztyn, email: biblioteka(at)ip.olsztyn.pl